LEADER 01263nam a2200325 i 4500 001 991003720419707536 008 191009s2017 uk a b 000 0 eng d 020 $a9781107134119 035 $ab14376714-39ule_inst 040 $aBibl. Dip.le Aggr. Matematica e Fisica - Sez. Matematica$beng 082 04$a515.2 084 $aAMS 28A80 084 $aLC QA401 100 1 $aBishop, Christopher J.$061568 245 10$aFractals in probability and analysis /$cChristopher J. Bishop, Yuval Peres 260 $aCambridge :$bCambridge University Press,$cc2017 300 $aix, 402 p. :$bill. ;$c24 cm 490 1 $aCambridge studies in advanced mathematics ;$v162 504 $aIncludes bibliographical references 650 4$aMathematical analysis 650 4$aProbabilities 650 4$aWavelets (Mathematics) 650 4$aFractals 700 1 $aPeres, Yuval$eauthor$4http://id.loc.gov/vocabulary/relators/aut$0506716 907 $a.b14376714$b29-11-19$c28-11-19 912 $a991003720419707536 945 $aLE013 28A BIS11 (2017)$g1$i2013000230948$lle013$op$pE61.73$q-$rl$s- $t0$u0$v0$w0$x0$y.i15908823$z29-11-19 996 $aFractals in probability and analysis$91751633 997 $aUNISALENTO 998 $ale013$b28-11-19$cm$da $e-$feng$guk $h0$i0 LEADER 02206nam 22004213 450 001 9910163282303321 005 20230613091130.0 010 $a1-78543-723-2 035 $a(CKB)3710000001046827 035 $a(MiAaPQ)EBC7197625 035 $a(Au-PeEL)EBL7197625 035 $a(NjHacI)993710000001046827 035 $a(EXLCZ)993710000001046827 100 $a20230220d2016 uy 0 101 0 $aeng 135 $aurcnu|||||||| 181 $ctxt$2rdacontent 182 $cc$2rdamedia 183 $acr$2rdacarrier 200 10$aIolanthe $eor The Peer and the Peri 210 1$aLondon :$cCopyright Group,$d2016. 210 4$dİ2016. 215 $a1 online resource (77 pages) 330 $aThis book contains the complete vocal score of "Iolanthe; or, The Peer and the Peri". "Iolanthe" is a comic musical opera written by Arthur Sullivan and W. S. Gilbert. This volume will be of utility to those interested in performing the Savoy Operas, and is not to be missed by the discerning collector. 'Savoy Opera' was a form of opera developed in Victorian England by W. S. Gilbert and Arthur Sullivan. The name is derived from the Savoy Theatre, which impresario Richard D'Oyly Carte built to house the Gilbert and Sullivan pieces, and later, those by other composer-librettist teams. William Schwenck Gilbert (1836 - 1911) an English dramatist, librettist, poet and illustrator best known for the fourteen comic operas produced in collaboration with the composer Sir Arthur Sullivan. Many vintage texts such as this are becoming increasingly rare and expensive, and it is with this in mind that we are republishing this volume now, in an affordable, modern, high-quality edition. It comes complete with a specially commissioned new biography of the author. 606 $aOperas$vVocal scores with piano 608 $aOperas.$2lcgft 608 $aVocal scores.$2lcgft 615 0$aOperas 676 $a782.812 700 $aGilbert$b W. S$g(William Schwenck),$f1836-1911.$047194 701 $aSullivan$b Arthur$0841436 801 0$bMiAaPQ 801 1$bMiAaPQ 801 2$bMiAaPQ 906 $aBOOK 912 $a9910163282303321 996 $aIolanthe$93373046 997 $aUNINA